| 000 | 00435nam a22001697a 4500 | ||
|---|---|---|---|
| 003 | NUST - PNEC | ||
| 005 | 20170116180914.0 | ||
| 008 | 150903b xxu||||| |||| 00| 0 eng d | ||
| 040 | _cLIBRARY | ||
| 082 | _a620.11 SIN | ||
| 100 |
_97299 _aSinger, Ferdinand Leon |
||
| 245 |
_aStrength of materials _cFerdinand Leon Singer |
||
| 250 | _a2nd ed. | ||
| 260 | _cc 1951 | ||
| 650 |
_95373 _aStrength of materials _xME |
||
| 942 |
_2ddc _cBK |
||
| 999 |
_c65388 _d65388 |
||